كتاب فضل الاسلام /kitab fadl alaslam / (Record no. 80963)
[ view plain ]
| 000 -LEADER | |
|---|---|
| fixed length control field | 01160nam a2200205 a 4500 |
| 001 - CONTROL NUMBER | |
| control field | 80963 |
| 003 - CONTROL NUMBER IDENTIFIER | |
| rucl marc code | BD-RjUL |
| 005 - DATE AND TIME OF LATEST TRANSACTION | |
| control field | 20221213105147.0 |
| 008 - FIXED-LENGTH DATA ELEMENTS--GENERAL INFORMATION | |
| fixed length control field | 221213s195? su 000 0 ara d |
| 035 ## - SYSTEM CONTROL NUMBER | |
| System control number | (BD-RjUL)80963 |
| 040 ## - CATALOGING SOURCE | |
| Original cataloging agency | BIC |
| Language of cataloging | eng |
| Transcribing agency | BD-RjUL |
| 041 ## - LANGUAGE CODE | |
| Language code of text/sound track or separate title | ara |
| 082 ## - DEWEY DECIMAL CLASSIFICATION NUMBER | |
| Edition number | 23 |
| Classification number | 297 |
| Author mark and year | IBK 195? |
| 100 1# - MAIN ENTRY--PERSONAL NAME | |
| Personal name | ابن عبد الوهاب، محمد بن سليمان التميمي النجدي ،Ibn Abd al-Wahhab, Muhammad bin Suleiman al-Tamimi al-Najdi, |
| Dates associated with a name | 1115-1206 هجري[1703-1792]. |
| 9 (RLIN) | 6308 |
| 245 10 - TITLE STATEMENT | |
| Title | كتاب فضل الاسلام /kitab fadl alaslam / |
| Statement of responsibility, etc. | تاليف: محمد بن عبدالوهاب ؛ قام بمراجعة نصوصه في اصولها وبالتعليق عليه اسماعيل بن محمد الانصاري، عبدالله بن عبداللطيف ال الشيخ.talif: muhamad bin eabdalwahaab ; qam bimurajaeat nususih fi asuliha wabialtaeliq ealayh aismaeil bin muhamad alainisary, eabdallah bin eabdallatif al alshaykh. |
| 260 ## - PUBLICATION, DISTRIBUTION, ETC. (IMPRINT) | |
| Place of publication, distribution, etc. | الرياض : |
| Name of publisher, distributor, etc. | مكتبة المعارف, |
| Date of publication, distribution, etc. | [د.ت]. |
| 300 ## - PHYSICAL DESCRIPTION | |
| Pagination | 23 ص. ; |
| Size | 24 سم. |
| 650 #7 - SUBJECT ADDED ENTRY--TOPICAL TERM | |
| Topical term or geographic name as entry element | The virtue of Islam فضل الاسلام |
| 9 (RLIN) | 6309 |
| 942 ## - ADDED ENTRY ELEMENTS (KOHA) | |
| Source of classification or shelving scheme | Dewey Decimal Classification |
| Koha item type | Books |
| Lost status | Source of classification or shelving scheme | Damaged status | Not for loan | Collection code | Permanent Location | Current Location | Shelving location | Date acquired | Source of acquisition | Total Checkouts | Full call number | Date last seen | Copy number | Koha item type |
|---|---|---|---|---|---|---|---|---|---|---|---|---|---|---|
| Dewey Decimal Classification | Not For Loan | Non-fiction | Central Library, University of Rajshahi | Central Library, University of Rajshahi | Reading Room | 26/10/1992 | Asadullah al Ghalib Arabic Department RU | A 297 IBK 195? | 13/12/2022 | C-1 | Books |